000 00647nam a2200241Ia 4500
003 OSt
005 20221007062334.0
006 a|||||r|||| 00| 0
007 ta
008 221006b |||||||| |||| 00| 0 eng d
024 _a14,959
037 _cTextual
040 _aFLL
_cFLL
_beng
041 _2eng
_aeng
082 _aX:957:Z2, M0
100 _aChakraverti Suranjan Au.
_9682644
245 0 _aLaw of wrongeful dismissals
250 _a6th
260 _aAllahabad
_bLaw book comp. India
_c1980
300 _axxv,788p
_ccm.
942 _hX:957:Z2, M0
_cTEXL
_2CC
999 _c1128359
_d1128359